Historia de Guadalaxara y como la religión de Sn. Geronymo en España fue fundada y restaurada por sus ciudadanos / (Record no. 117440)

MARC details
000 -LEADER
campo de control de longitud fija 00915nam a2200217 i 4500
001 - NÚMERO DE CONTROL
campo de control 117440
003 - IDENTIFICADOR DE NÚMERO DE CONTROL
campo de control ES-MaACL
005 - FECHA Y HORA DE LA ÚLTIMA TRANSACCIÓN
campo de control 20250929063156.0
007 - CAMPO FIJO DE DESCRIPCIÓN FÍSICA--INFORMACIÓN GENERAL
campo de control de longitud fija t|
008 - DATOS DE LONGITUD FIJA--INFORMACIÓN GENERAL
campo de control de longitud fija 070214s1977 sp r ||||1| spa d
100 0# - ENTRADA PRINCIPAL--NOMBRE DE PERSONA
Nombre de persona Pecha, Hernando,
Fechas asociadas al nombre 1567-1659
9 (RLIN) 89840
245 10 - MENCIÓN DEL TÍTULO
Título Historia de Guadalaxara y como la religión de Sn. Geronymo en España fue fundada y restaurada por sus ciudadanos /
Mención de responsabilidad, etc. Hernando Pecha ; [estudio , transcripción y ordenación del testo por Antonio Herrera Casado].
260 ## - PUBLICACIÓN, DISTRIBUCIÓN, ETC.
Lugar de publicación, distribución, etc. Guadalajara :
Nombre del editor, distribuidor, etc. Institución Provincial de Cultura `Marqués de Santillana`,
Fecha de publicación, distribución, etc. 1977.
300 ## - DESCRIPCIÓN FÍSICA
Extensión 359 p. ;
Dimensiones 24 cm.
610 04 - PUNTO DE ACCESO ADICIONAL DE MATERIA--NOMBRE DE ENTIDAD CORPORATIVA
Nombre de entidad corporativa o nombre de jurisdicción como elemento de entrada Jerónimos-
Subdivisión general Historia.
9 (RLIN) 5347
651 #4 - PUNTO DE ACCESO ADICIONAL DE MATERIA--NOMBRE GEOGRÁFICO
Nombre geográfico Guadalajara-
Subdivisión general Historia.
9 (RLIN) 8791
700 1# - ENTRADA AGREGADA--NOMBRE PERSONAL
Nombre de persona Herrera Casado, Antonio.
9 (RLIN) 63214
710 2# - ENTRADA AGREGADA--NOMBRE DE ENTIDAD CORPORATIVA
Nombre de entidad corporativa o nombre de jurisdicción como elemento de entrada Institución Provincial de Cultura `Marqués de Santillana`.
9 (RLIN) 4731
852 ## - LOCALIZACIÓN
Ubicación ES-MaACL
Número de control de estantería A-7066
Sublocalización o colección R.96052
Holdings
Estatus retirado Estado de pérdida Estado de daño No para préstamo Biblioteca de origen Biblioteca actual Ubicación en estantería Fecha de adquisición Fuente de adquisición Total de préstamos Signatura topográfica completa Código de barras Visto por última vez Precio de reemplazo Tipo de ítem Koha
        Biblioteca del Ateneo de Madrid Biblioteca del Ateneo de Madrid Sala Pecera Planta 1 17/01/2008     A-7066 1122441 23/02/2023 23/02/2023 Libro impreso